| 000 | 00780nam a2200205 i 4500 | ||
|---|---|---|---|
| 001 | 108988 | ||
| 003 | ES-MaACL | ||
| 005 | 20240429131349.0 | ||
| 007 | t| | ||
| 008 | 061121s1982 xxu r ||||1| eng d | ||
| 100 | 1 |
_aMoorjani, Angela B. _982839 |
|
| 245 | 1 | 0 |
_aAbysmal game in the novels of Samuel Beckett / _cby Angela B. Moorjani. |
| 260 |
_aChapel Hill : _bU. N. C Departament of Romance Lenguages, _c1982. |
||
| 300 |
_a16 p. ; _c24 cm. |
||
| 490 | 1 |
_aNorth Carolina studies in the romance languages and literatures ; _v219 |
|
| 600 | 1 | 7 |
_aBeckett, Samuel, _d1906-1989- _xCrÃtica e interpretación _2 _9165980 |
| 830 | 0 |
_aNorth Carolina studies in the romance languages and literatures ; _v219 _9182412 |
|
| 852 |
_aES-MaACL _jL-3622 _bR.104465 |
||
| 999 |
_c108988 _d108988 |
||